Conocimiento y sociedad (Registro nro. 301368)

Detalles MARC
000 -ENCABEZADO
Número de control [NR] 01463nam a2200349 a 4500
005 - FECHA Y HORA DE LA ÚLTIMA TRANSACCIÓN
control field 20170608110301.0
008 - DE LONGITUD FIJA DE DATOS DE ELEMENTOS - INFORMACIÓN GENERAL
Elementos de longitud fija [NR] 15 s2008 sp fr 00110 spa d
020 ## - NUMERO INTERNACIONAL NORMALIZADO PARA LIBROS [R]
Número Internacional Normalizado del libro [NR] 9788481649512
040 ## - FUENTE DE CATALOGACION [NR]
Agencia de catalogación original [NR] CO-BoUMC
Idioma de catalogación [NR] spa
Quien Cataloga Luz Cupitra
Quien Clasifica Luz Cupitra
041 1# - CODIGO DE IDIOMA [R]
Language code of original and/or intermediate translations of text ger
Código de idioma para texto/pista de sonido o título separado [R] Español
100 1# - ASIENTO PRINCIPAL--NOMBRE PERSONAL [NR]
Nombre personal [NR] Luckmann, Thomas
ID Autoridad 72424
245 10 - MENCION DE TITULO [NR]
Título [NR] Conocimiento y sociedad
Parte restante del título [NR] ensayos sobre acción, religión y comunicación
Mención de responsabilidad, etc. [NR] Thomas Luckmann ; traducción de Sebastian Soler Schreiber ; Edición de Hubert Knoblauch, Jurgen Raab y Bernt Schnettler.
260 3# - PUBLICACION, DISTRIBUCION, ETC. (PIE DE IMPRENTA) [R]
Lugar de publicación, distribución, etc. [R] Madrid (España)
Nombre del editor, distribuidor, etc. [R] Trotta
Fecha de publicación, distribución, etc. [R] 2008
300 ## - DESCRIPCION FISICA [R]
Extensión [R] 237 páginas
490 ## - MENCION DE SERIE [R]
Mención de serie [R] Colección estructuras y procesos. Serie Ciencias Sociales
500 ## - NOTA GENERAL [R]
Nota general [NR] La edición de esta obra ha contado con la ayuda de Goethe-Institut
504 ## - NOTA DE BIBLIOGRAFIA, ETC. [R]
Nota de bibliografía, etc. [NR] Incluye referencias bibliográficas e índices
534 ## - NOTA DE VERSION ORIGINAL [R]
Frase introductoria [NR]
650 #6 - ASIENTO SECUNDARIO DE MATERIA - TERMINO TEMATICO [R]
Término temático o nombre geográfico como elemento de entrada [NR] Sociología del conocimiento
9 (RLIN) 24791
650 #6 - ASIENTO SECUNDARIO DE MATERIA - TERMINO TEMATICO [R]
Término temático o nombre geográfico como elemento de entrada [NR] Filosofía de la sociología
9 (RLIN) 15777
650 #6 - ASIENTO SECUNDARIO DE MATERIA - TERMINO TEMATICO [R]
Término temático o nombre geográfico como elemento de entrada [NR] Sociología de la religión
9 (RLIN) 24787
650 ## - ASIENTO SECUNDARIO DE MATERIA - TERMINO TEMATICO [R]
Término temático o nombre geográfico como elemento de entrada [NR] Teoría de la acción
9 (RLIN) 25270
650 ## - ASIENTO SECUNDARIO DE MATERIA - TERMINO TEMATICO [R]
Término temático o nombre geográfico como elemento de entrada [NR] Acción social
9 (RLIN) 8355
690 ## - ASUNTO AGREGADO LOCAL DE ENTRADA - TÉRMINO TEMÁTICO (OCLC, RLIN)
9 (RLIN) 42914
Acceso temático local Sociología
700 1# - ASIENTO SECUNDARIO - NOMBRE PERSONAL [R]
Nombre personal [NR] Knoblauch, Hubert
Término de relación [R] editor
9 (RLIN) 72425
700 1# - ASIENTO SECUNDARIO - NOMBRE PERSONAL [R]
Nombre personal [NR] Raab, Jürgen
Término de relación [R] editor
9 (RLIN) 72426
700 1# - ASIENTO SECUNDARIO - NOMBRE PERSONAL [R]
Nombre personal [NR] Schnettler, Bernt
Término de relación [R] editor
9 (RLIN) 72427
700 1# - ASIENTO SECUNDARIO - NOMBRE PERSONAL [R]
Nombre personal [NR] Soler Schreiber, Sebastian
Término de relación [R] traductor
9 (RLIN) 72428
765 ## - ASIENTO DE IDIOMA ORIGINAL [R]
Asiento principal [NR] Wissen und gesellschaft Ausgewahlte aufsatze
942 ## - ELEMENTOS DE ENTRADA AGREGADOS (KOHA)
Sistema de clasificación DEWEY
Tema principal Sociología
Tipo de ítem principal el descrito en 300a Libro
Edición 1
Clasificación 306.42
Parte restante de la signatura top. L941co
Existencias
Fecha de último préstamo Total préstamos Total Renewals Signatura topográfica Código de barras Última vez visto Ejemplar Costo de reposición Price effective from Tipo de ítem Perdido Sistema de clasificación Dañado No prestable Tipo de ítem específico Suprimido Ubicación habitual Ubicación actual Localización Fecha de creación Proveedor Forma de adquisición Costo
18/11/2019 4 9 306.42 L941co 100147896 09/12/2025 Ej.1 63720.00 30/09/2015 Libro   DEWEY     Libro   Claustro Claustro 2do piso 30/09/2015 14 Compra 63720.00